| 000 | 00909nas a2200277 4500 | ||
|---|---|---|---|
| 001 | BR8802753 | ||
| 003 | BR-BrBNA | ||
| 005 | 20231205091132.0 | ||
| 007 | ta | ||
| 008 | 230509b bl.|||p| |||| 00| 00por d | ||
| 040 |
_aBR-BrBNA _bpor _cBiblioteca Nacional de Agricultura |
||
| 041 | _a(Pt) | ||
| 072 | _aF30 | ||
| 100 | 1 | _aTulmann Neto, A. | |
| 100 | 1 | _aBorgonovi, R.A. | |
| 100 | 1 | _aAndo, A. | |
| 100 | 1 | _aMenten, J.O.M. | |
| 245 | 1 | _aSensitividade a raios gama de linhagens e hibridos simples de sorgo (Sorghum bicolor) | |
| 246 | 1 | _aGamma - ray sensitivity of inbred lines and single-cross hybrids of sorghum (Sorghum bicolor) | |
| 650 | _aSORGO GRANIFERO | ||
| 650 | _aVARIEDADE | ||
| 650 | _aRAIO GAMA | ||
| 773 | 0 |
_tEnergia Nuclear e Agricultura (Brazil) _xISSN 0100-3593 _g(1985-1986), v. 7(1-2) p. 75-88 _wBR8802753 |
|
| 909 |
_a202311 _bLúcia _c55 _dLúcia Elande |
||
| 942 |
_2AGRIS _n0 _cANA |
||
| 999 |
_c123034 _d123034 |
||